Home Print Resources E-Books E-Journals IIMT Lecture Series Library Membership Form Book Recommendation Form Campus Tour Take AdmissionAbout Us Contact Us

ORGANIZATION BEHAVIOR (Record no. 40513)

000 -LEADER
fixed length control field 00372nam a22001697a 4500
003 - CONTROL NUMBER IDENTIFIER
control field OSt
005 - DATE AND TIME OF LATEST TRANSACTION
control field 20240321151839.0
008 - FIXED-LENGTH DATA ELEMENTS--GENERAL INFORMATION
fixed length control field 170916b xxu||||| |||| 00| 0 eng d
020 ## - INTERNATIONAL STANDARD BOOK NUMBER
International Standard Book Number 978-9353067038
040 ## - CATALOGING SOURCE
Transcribing agency SEROSOFT
100 ## - MAIN ENTRY--PERSONAL NAME
Personal name ROBBINS,S.P
245 ## - TITLE STATEMENT
Title ORGANIZATION BEHAVIOR
250 ## - EDITION STATEMENT
Edition statement 16
260 ## - PUBLICATION, DISTRIBUTION, ETC.
Place of publication, distribution, etc. NEW DELHI
Name of publisher, distributor, etc. PERSON
300 ## - PHYSICAL DESCRIPTION
Extent 690
942 ## - ADDED ENTRY ELEMENTS (KOHA)
Source of classification or shelving scheme
Koha item type Text-Book- for 7 days
Holdings
Withdrawn status Lost status Source of classification or shelving scheme Damaged status Not for loan Home library Current library Date acquired Source of acquisition Coded location qualifier Cost, normal purchase price Inventory number Barcode Date last seen Uniform Resource Identifier Price effective from Koha item type Total Checkouts Date last checked out
          IIMT University Central Library Meerut IIMT University Central Library Meerut 09/16/2017 BANSAL MANAGEMENT 899.00 5873/12-9-2017 01-B-123046 09/16/2017 ORGANIZATION BEHAVIOR 09/16/2017 Book Bank    
          IIMT University Central Library Meerut IIMT University Central Library Meerut 09/16/2017 BANSAL MANAGEMENT 899.00 5875/12-9-2017 01-B-123047 02/11/2025 ORGANIZATION BEHAVIOR 09/16/2017 Book Bank 4 12/06/2024
IIMT, Central Library. All Rights Reserved IIMT,UNIVERSITY © 2023
Implemented and Customised by I CLOUDE EMS
You Are OPAC Visitor No
free web counter

Powered by Koha